00573 2200217 4500001002100000005001500021035002000036007000300056008004100059020002200100082001100122084001700133100001900150245003500169260004400204300002900248650002400277520003000301990001200331990001200343INLIS00000000000191820180424023922 a0010-0418000075ta180424 g 0 ind  a978-602-02-7549-9 a658.64 a658.64 RIA p0 aRIANT, Nugroho1 aPolicy Making /cRiant Nugroho aJakarta :bElex Media Komputindo,c2015 a261 hlm :bilus ;c21 cm aMANAJEMEN EKSEKUTIF abibliografi: hlm. 245-261 a16380 a a16380 b